القبر أول منازل الآخرة / (رقم التسجيلة. 108537)
[ عرض عادي ]
| 000 -LEADER | |
|---|---|
| fixed length control field | 00563nam a22001937a 4500 |
| 005 - DATE AND TIME OF LATEST TRANSACTION | |
| control field | 20251108173629.0 |
| 008 - FIXED-LENGTH DATA ELEMENTS--GENERAL INFORMATION | |
| fixed length control field | 250721s2001 xx 000 0 ara d |
| 082 14 - DEWEY DECIMAL CLASSIFICATION NUMBER | |
| Classification number | ط/214/طهط |
| 100 1# - MAIN ENTRY--PERSONAL NAME | |
| Personal name | الطهطاوي، علي عبد العال |
| 245 10 - TITLE STATEMENT | |
| Title | القبر أول منازل الآخرة / |
| 264 1# - PRODUCTION, PUBLICATION, DISTRIBUTION, MANUFACTURE, AND COPYRIGHT NOTICE | |
| Place of production, publication, distribution, manufacture | القاهرة : |
| Name of producer, publisher, distributor, manufacturer | مكتبة الصفا، |
| Date of production, publication, distribution, manufacture, or copyright notice | 2001. |
| 300 ## - PHYSICAL DESCRIPTION | |
| Extent | 80ص. |
| 650 17 - SUBJECT ADDED ENTRY--TOPICAL TERM | |
| Topical term or geographic name as entry element | الاسلام |
| 650 17 - SUBJECT ADDED ENTRY--TOPICAL TERM | |
| Topical term or geographic name as entry element | الآخرة |
| 650 17 - SUBJECT ADDED ENTRY--TOPICAL TERM | |
| Topical term or geographic name as entry element | القبر |
| 653 ## - INDEX TERM--UNCONTROLLED | |
| Uncontrolled term | ناشئون كبار (15-18سنة) |
| 942 ## - ADDED ENTRY ELEMENTS (KOHA) | |
| Source of classification or shelving scheme | Dewey Decimal Classification |
| Koha item type | كتب |
| حالة السحب | حالة الفقدان | مصدر التصنيف | حالة التلف | غير قابل للإعارة | المكتبة الرئيسية | المكتبة الحالية | موقع الرف | تاريخ التزويد | الرقم المتسلسل | Total Checkouts | رقم الإستدعاء | الباركود | تاريخ آخر ظهور | تاريخ الفاتورة | نوع المادة (كوها) |
|---|---|---|---|---|---|---|---|---|---|---|---|---|---|---|---|
| Dewey Decimal Classification | مكتبة الأميرة ايمان العامة | مكتبة الأميرة ايمان العامة | الأطفال | 08/06/2008 | 645878 | ط/214/طهط | PLD00019186 | 28/07/2025 | 08/06/2008 | كتب | |||||
| Dewey Decimal Classification | مكتبة الراية الهاشمية للأطفال | مكتبة الراية الهاشمية للأطفال | الأطفال | 28/07/2025 | 645882 | ط/214/طهط | 645882 | 28/07/2025 | 28/07/2025 | كتب | |||||
| Dewey Decimal Classification | مكتبة صويلح العامة | مكتبة صويلح العامة | الأطفال | 28/07/2025 | 645879 | ط/214/طهط | 645879 | 28/07/2025 | 28/07/2025 | كتب |